Movie Concept Art Quiz Stats

 Plays Quiz Updated Mar 4, 2016

Also try: Movie Posters
Challenge
Share
Tweet
Score 0/25 Timer 07:00
2 Plays Today
% Correct
Star Wars Episode III: Revenge of the Sith
98.5%
Godzilla
96%
Thor
94.1%
Alice in Wonderland
91%
The Dark Knight Rises
81.6%
Jurassic World
80.3%
Avatar
76.9%
Inside Out
75.2%
Harry Potter and the Deathly Hallows - Part 1
73.9%
Frozen
69.8%
Maleficent
67%
The Wolverine
60.5%
The Hobbit: The Desolation of Smaug
58.3%
% Correct
Inception
57.5%
War Horse
54.2%
Dawn of the Planet of the Apes
46.9%
Pacific Rim
43.5%
Blade Runner
39.6%
World War Z
38.3%
Prometheus
33.8%
Chappie
32.1%
Guardians of the Galaxy
16.9%
Django Unchained
8.4%
Max Payne
6.7%
Green Lantern
3.8%

You're not logged in!

Compare scores with friends on all Sporcle quizzes.
Join for Free
OR
Log In

You Might Also Like...

Show Comments

Extras

Top Quizzes Today


Score Distribution

Your Account Isn't Verified!

In order to create a playlist on Sporcle, you need to verify the email address you used during registration. Go to your Sporcle Settings to finish the process.

Report this User

Report this user for behavior that violates our Community Guidelines.

Details: